000 00653nam a2200229 i 4500
001 14393
003 ES-MaACL
005 20250827235439.0
007 t|
008 980706s1998 sp |||| | spa j
020 _a84-306-0272-0
080 _a821.134.2-4"19"
100 1 _aLledó, Emilio,
_d1927-
_972740
245 1 0 _aImágenes y palabras
_b: ensayos de humanidades /
_cEmilio Lledó.
260 _aMadrid :
_bTaurus,
_c[1998]
300 _a615 p. ;
_c24 cm.
490 1 _aCompendios Taurus
650 0 7 _aHumanidades
_2embne
_913498
830 0 _aCompendios Taurus
_9179612
852 _aES-MaACL
_jL-21671
999 _c14393
_d14393